000 00568nam a2200181 u 4500
001 000762373
003 AM-YeHGA
005 20250617143737.0
008 101001s1985 ||| r 000 0 rus d
040 _aAM-YeHGA
041 1 _arus
_hjpn
100 1 _aАкутагава Рюноскэ
_d1892-1927.
245 1 0 _aНовеллы. Эссе. Миниатюры :
_bПер. с яп. /
_cАкутагава.
260 _aМосква :
_bХудож. лит.,
_c1985.
300 _a607 с. :
_bил.
653 0 _aЯпонская литература
090 _c282346
999 _c280692
_d280692